Dovolenka - leto '96

Z obsahu prílohy: Slovenskí turisti sa najradšej rekreujú vo Vysokých Tatrách. Ponuka cestovnej kancelárie môže byť len lákadlom. Autom za hranice všedných dní. Cesty po koľajniciach. Lacná letenka má veľa nevýhod. Očkovanie - základ zdravého návratu. Cestovanie s domácimi zvieratami. Adresy veľvysl...

Full description

Saved in:
Bibliographic Details
Main Author: Tokárová, L.
Other Authors: Čikovský, M., Lančová, J.
Format: Book Chapter
Language:Slovak
Subjects:
Tags: Add Tag
No Tags, Be the first to tag this record!

MARC

LEADER 00000naa a2200000 4500
001 r020891
005 20230801103235.2
041 0 |a slo 
044 |a SK 
245 1 0 |a Dovolenka - leto '96  |c L. Tokárová, M. Čikovský, J. Lančová 
520 |a Z obsahu prílohy: Slovenskí turisti sa najradšej rekreujú vo Vysokých Tatrách. Ponuka cestovnej kancelárie môže byť len lákadlom. Autom za hranice všedných dní. Cesty po koľajniciach. Lacná letenka má veľa nevýhod. Očkovanie - základ zdravého návratu. Cestovanie s domácimi zvieratami. Adresy veľvyslanectiev Slovenskej republiky v zahraničí. 
610 2 0 |a dovolenka 
610 2 0 |a 1996 
610 2 0 |a kancelárie cestovné 
610 2 0 |a turistika 
610 2 0 |a zdravie 
100 1 |a Tokárová, L. 
700 1 |a Čikovský, M. 
700 1 |a Lančová, J.